000 01006cam a2200289 i 4500
001 18068412
003 OSt
005 20240514164213.0
008 140314s2013 enka b 001 0 eng
010 _a 2013372085
020 _a0521575885
040 _aDLC
_beng
_cDLC
_erda
_dDLC
042 _apcc
050 0 0 _aQC20
_b.T445 2013
082 _a530.15 THI 1999
100 1 _aThijssen, J. M.
_912670
245 1 0 _aComputational Physics
264 1 _aCambridge :
_bCambridge University Press ,
_c1999.
300 _axiii, 546p :
_billustrations ;
_c25 cm
504 _aIncludes bibliographical references and index.
650 0 _aMathematical physics.
_9372
856 4 1 _3Table of contents only
_uhttp://www.loc.gov/catdir/enhancements/fy1406/2013372085-t.html
856 4 2 _3Publisher description
_uhttp://www.loc.gov/catdir/enhancements/fy1406/2013372085-d.html
906 _a7
_bcbc
_corignew
_d2
_encip
_f20
_gy-gencatlg
942 _2ddc
_cO_SHELF
999 _c6126
_d6126